[Event "Supreme Masters 2013"]
[Site "Sandnes NOR"]
[Date "2013.05.08"]
[Round "1.4"]
[White "Svidler,P"]
[Black "Hammer,J"]
[Result "1-0"]
[WhiteElo "2769"]
[BlackElo "2608"]

1.d4 Nf6 2.c4 g6 3.Nc3 d5 4.cxd5 Nxd5 5.e4 Nxc3 6.bxc3 Bg7 7.Nf3 c5 8.Be3 Qa5
9.Qd2 Nc6 10.Rb1 cxd4 11.cxd4 Qxd2+ 12.Kxd2 O-O 13.d5 Rd8 14.Bd3 Na5 15.Bg5 f6
16.Bf4 b6 17.Bb5 e5 18.Be3 Bd7 19.Rhc1 Bxb5 20.Rxb5 Nb7 21.Ke2 Nd6 22.Rb4 a5
23.Rxb6 Nxe4 24.Nd2 Nxd2 25.Bxd2 Rxd5 26.Rc7 Rad8 27.Bc3 f5 28.Rbb7 Bf8 29.a4 Rc5
30.Rxc5 Bxc5 31.Bxe5 Rd5 32.f4 Bd4 33.Rb5 Rd7 34.g3 Bxe5 35.Rxe5 Rd4 36.Rxa5 Kf7
37.Ra7+ Kf6 38.Ra6+ Kf7 39.Ra7+ Kf6 40.a5 Rd5 41.Ra6+ Kg7 42.Ra7+ Kf6 43.a6 Rd6
44.h4 Ke6 45.h5 gxh5 46.Rxh7 Kd5 47.Rxh5 Ke4 48.a7 Ra6 49.Rh7 Ra2+ 50.Kd1 Kd3
51.Rd7+ Kc3 52.Ke1 Kc4 53.Kf1 Kc5 54.Kg1 Kc6 55.Rf7 Kd5 56.Rxf5+ Ke6 57.Rb5 Rxa7
58.Kg2  1-0

[Event "14th Euro Indiv 2013"]
[Site "Legnica POL"]
[Date "2013.05.09"]
[Round "5.2"]
[White "Shengelia,D"]
[Black "Areshchenko,A"]
[Result "1-0"]
[WhiteElo "2546"]
[BlackElo "2709"]

1.d4 Nf6 2.c4 g6 3.Nc3 d5 4.cxd5 Nxd5 5.e4 Nxc3 6.bxc3 Bg7 7.Nf3 c5 8.Rb1 O-O
9.Be2 cxd4 10.cxd4 Qa5+ 11.Bd2 Qxa2 12.O-O Bg4 13.Bg5 h6 14.Be3 Nc6 15.d5 Bxf3
16.gxf3 Nd4 17.Bxd4 Bxd4 18.Qxd4 Qxe2 19.Kg2 b6 20.Qe5 Rfe8 21.h4 Rac8 22.Rbc1 a5
23.Rxc8 Rxc8 24.Qxe7 Qd2 25.d6 Rc3 26.Qe8+ Kg7 27.Qe5+ Kg8 28.Qe8+ Kg7 29.Qe5+ Kg8
30.Qf6 h5 31.Rb1 Rc2 32.Qd8+ Kg7 33.Qxb6 a4 34.e5 a3 35.d7 Qxd7 36.Qf6+ Kh7
37.Rb8 Rc8 38.Rxc8 Qxc8 39.Qxf7+ Kh6 40.Qa7 Qc3 41.e6 g5 42.e7  1-0

[Event "14th Euro Indiv 2013"]
[Site "Legnica POL"]
[Date "2013.05.10"]
[Round "6.24"]
[White "Arizmendi Martinez,J"]
[Black "Socko,B"]
[Result "1/2-1/2"]
[WhiteElo "2571"]
[BlackElo "2647"]

1.d4 Nf6 2.c4 g6 3.Nc3 d5 4.cxd5 Nxd5 5.e4 Nxc3 6.bxc3 Bg7 7.Qa4+ Nd7 8.Nf3 O-O
9.Bg5 c5 10.Rd1 h6 11.Be3 Qc7 12.Bd3 cxd4 13.cxd4 Qc3+ 14.Ke2 Nb6 15.Qb3 Qxb3
16.axb3 f5 17.Rc1 Be6 18.Rc7 fxe4 19.Bxe4 Nd5 20.Bxd5 Bxd5 21.Rhc1 e6 22.Ne5 Bxe5
23.dxe5 g5 24.f3 a5 25.h4 gxh4 26.Bxh6 Rf7 27.Rc8+ Rxc8 28.Rxc8+ Kh7 29.Bd2 Rf5
30.Bxa5 Bxf3+ 31.gxf3 Rxe5+ 32.Kf2 Rxa5 33.Rc7+ Kg6 34.Rxb7 Ra2+ 35.Kg1 h3
36.Rb8 Rg2+ 37.Kh1 Rf2 38.Rg8+ Kf5 39.Rg3 h2 40.b4 e5 41.b5 Kf4 42.Rg2 Rf1+
43.Kxh2 Rb1 44.Re2 Rxb5 45.Kg2 Rb3 46.Re4+ Kf5  1/2-1/2

[Event "14th Euro Indiv 2013"]
[Site "Legnica POL"]
[Date "2013.05.10"]
[Round "6.132"]
[White "Rindlisbacher,J"]
[Black "Henseler,J"]
[Result "0-1"]
[WhiteElo "2241"]
[BlackElo "2093"]

1.d4 Nf6 2.c4 g6 3.Nc3 d5 4.cxd5 Nxd5 5.e4 Nxc3 6.bxc3 Bg7 7.Nf3 c5 8.Be3 O-O
9.Rc1 cxd4 10.cxd4 Bg4 11.Qd2 Bxf3 12.gxf3 e6 13.Bb5 a6 14.Ba4 b5 15.Bb3 a5
16.O-O Nd7 17.Rc6 a4 18.Bd1 Qa5 19.Qxa5 Rxa5 20.Be2 b4 21.Rc7 Rd8 22.Rb1 Bf8
23.Bd2 Nf6 24.Bxb4 Bxb4 25.Rxb4 Nh5 26.Rc5 Rxc5 27.dxc5 Nf4 28.Bf1 Rd1 29.Rc4 Ne2+
30.Kg2 Nf4+ 31.Kg3 e5 32.c6 Rxf1 33.h4 Rh1 34.c7 Rh3+ 35.Kg4 h5+ 36.Kg5 Kg7
37.Rc6 Rh2 38.c8=Q Rg2+ 39.Qg4 Nh3+  0-1

[Event "Asian Zonal 3.1 2013"]
[Site "Doha QAT"]
[Date "2013.05.12"]
[Round "9.1"]
[White "Ali,L"]
[Black "Darini,P"]
[Result "0-1"]
[WhiteElo "2319"]
[BlackElo "2530"]

1.d4 Nf6 2.c4 g6 3.Nc3 d5 4.cxd5 Nxd5 5.e4 Nxc3 6.bxc3 Bg7 7.Be3 c5 8.Qd2 Qa5
9.Nf3 O-O 10.Rc1 Bg4 11.d5 Bxf3 12.gxf3 Nd7 13.c4 Qa3 14.f4 Rad8 15.Bg2 b6
16.O-O e5 17.f5 Nb8 18.Rc3 Qa5 19.Qc1 Qa4 20.Bh3 Rd6 21.Kh1 Qe8 22.Rg1 Nd7
23.Bg5 f6 24.Bd2 g5 25.Rcg3 h6 26.Ra3 Qb8 27.Bf1 Rf7 28.Qd1 Qb7 29.h4 Kf8
30.Qh5 Ke7 31.Bh3 Nb8 32.Rag3 Bf8 33.Bc3 Qa6 34.hxg5 hxg5 35.Rxg5 Qxc4 36.R5g3 Qxe4+
37.Bg2 Qf4 38.Rg8 Nd7 39.Rh8 Rg7 40.Rh7 Rxh7 41.Qxh7+ Kd8 42.Be1 Bh6 43.Qg8+ Kc7
44.Qg3 Qxf5 45.Qh4 Bg5 46.Qh5 Qf4 47.Qh7 f5  0-1

[Event "5th Alexander The Great Open 2013"]
[Site "Porto Carras GRE"]
[Date "2013.05.12"]
[Round "7.5"]
[White "Itkis,B"]
[Black "Stojanovic,Andj"]
[Result "1-0"]
[WhiteElo "2395"]
[BlackElo "2282"]

1.d4 Nf6 2.c4 g6 3.Nc3 d5 4.cxd5 Nxd5 5.e4 Nxc3 6.bxc3 Bg7 7.Bg5 c5 8.Rc1 O-O
9.d5 h6 10.Be3 f5 11.Bxc5 fxe4 12.Bc4 b5 13.Bxe7 Qb6 14.Bxf8 Kxf8 15.Bb3 Nd7
16.Ne2 Nc5 17.O-O Be5 18.Ng3 Kg7 19.Qe2 Bf5 20.Qe3 Qd6 21.f4 Bf6 22.Rcd1 Re8
23.Bc2 Bd8 24.Kh1 Bb6 25.Nxf5+ gxf5 26.Qh3 Qf6 27.d6 Qe6 28.Rfe1 Kh7 29.g4 fxg4
30.Qh5 Qd7 31.Rd5 g3 32.hxg3 Re6 33.Rxc5 Bxc5 34.Qxc5  1-0

[Event "14th Euro Indiv 2013"]
[Site "Legnica POL"]
[Date "2013.05.14"]
[Round "9.93"]
[White "Fodor,T jr"]
[Black "Erturan,Y"]
[Result "1/2-1/2"]
[WhiteElo "2475"]
[BlackElo "2386"]

1.d4 Nf6 2.c4 g6 3.Nc3 d5 4.cxd5 Nxd5 5.e4 Nxc3 6.bxc3 Bg7 7.Bb5+ Nd7 8.Nf3 O-O
9.O-O c5 10.Be3 Nf6 11.e5 Nd5 12.Bc4 Be6 13.Bxd5 Bxd5 14.dxc5 Bxf3 15.Qxf3 Qc7
16.Rab1 b6 17.e6 fxe6 18.cxb6 axb6 19.Qg4 Qxc3 20.Rxb6 Qa3 21.Qxe6+ Kh8 22.Rfb1 Bf6
23.g4 Rfe8 24.g5 Bg7 25.Rd1 Qxa2 26.Rd5 Qe2 27.Rb1 Rab8 28.Rbd1 Qf3 29.h3 Rf8
30.Rd7 Rbe8 31.Rb1 Qf5 32.Rb6 Qxe6 33.Rxe6 Rf7 34.Kg2 Kg8 35.h4 Bf8 36.h5 gxh5
37.Kg3 Rf5 38.Kh4 Kf7 39.Ra6 Rb5 40.f4 Rc8 41.Kxh5 Rb3 42.Bd2 Rg3 43.Kh4 Rg1
44.Be3 Re1 45.Rd3 Bg7 46.Kg4 Rc3 47.Rxc3 Bxc3 48.Kf3 Rd1 49.f5 Rd7 50.Rc6 Bd2
51.Bxd2 Rxd2 52.Ke4  1/2-1/2

[Event "14th Euro Indiv 2013"]
[Site "Legnica POL"]
[Date "2013.05.14"]
[Round "9.84"]
[White "Durarbayli,V"]
[Black "Tate,A"]
[Result "1-0"]
[WhiteElo "2597"]
[BlackElo "2264"]

1.c4 Nf6 2.Nc3 d5 3.cxd5 Nxd5 4.d4 g6 5.e4 Nxc3 6.bxc3 Bg7 7.Bc4 c5 8.Ne2 O-O
9.Be3 Nc6 10.Rc1 Qc7 11.h4 Na5 12.Bd3 f5 13.e5 Rd8 14.h5 c4 15.Bb1 Bxe5 16.hxg6 hxg6
17.Rh6 Qc6 18.Nf4 Bxf4 19.Bxf4 Qxg2 20.Qe2 Nc6 21.Qxc4+ Rd5 22.Qe2 e5 23.Bg3 Rd6
24.Bd3 Kg7 25.Rh2 Qd5 26.dxe5 Rd8 27.Qe3 Qg8 28.Qg5 Rf8 29.Rh6 Ne7 30.Bh4 Bd7
31.Qxe7+  1-0

[Event "14th Euro Indiv 2013"]
[Site "Legnica POL"]
[Date "2013.05.14"]
[Round "9.2"]
[White "Lysyj,I"]
[Black "Areshchenko,A"]
[Result "1/2-1/2"]
[WhiteElo "2641"]
[BlackElo "2709"]

1.d4 Nf6 2.c4 g6 3.Nc3 d5 4.cxd5 Nxd5 5.e4 Nxc3 6.bxc3 Bg7 7.Qa4+ Nd7 8.Nf3 c5
9.Be2 O-O 10.O-O Nb6 11.Qd1 Bg4 12.Be3 Bxf3 13.Bxf3 Nc4 14.e5 Nxe3 15.fxe3 Bh6
16.Qd3 Rb8 17.Kh1 Qc7 18.Qe4 e6 19.a4 cxd4 20.cxd4 Qc3 21.Rae1 b5 22.axb5 Rxb5
23.Bg4 a5 24.Qf3 Rbb8 25.Qd1 Qb3 26.Qa1 a4 27.Bd1 Qb4 28.Qxa4 Qxa4 29.Bxa4 Rfc8
30.d5 exd5 31.e6 fxe6 32.Bd7 Rf8 33.Bxe6+ Kg7 34.Bxd5 Rxf1+ 35.Rxf1 Bxe3
36.Rf7+ Kh8 37.Rf1 Kg7 38.Rf7+ Kh8 39.Rf1 Kg7 40.Rf7+ Kh8 41.Rf1  1/2-1/2

[Event "14th Euro Indiv 2013"]
[Site "Legnica POL"]
[Date "2013.05.14"]
[Round "9.54"]
[White "Bluebaum,M"]
[Black "Salgado Lopez,I"]
[Result "0-1"]
[WhiteElo "2511"]
[BlackElo "2598"]

1.d4 Nf6 2.c4 g6 3.Nc3 d5 4.cxd5 Nxd5 5.e4 Nxc3 6.bxc3 Bg7 7.Qa4+ Nd7 8.Nf3 O-O
9.Be2 e5 10.d5 Re8 11.Qc2 Nc5 12.Ba3 Bf8 13.Bb5 c6 14.Bxc5 Bxc5 15.dxc6 Re7
16.O-O Qc7 17.Qa4 Rb8 18.cxb7 Qxb7 19.Bd3 Bd7 20.Qc2 Qc7 21.Nd2 Be6 22.Rad1 Bb6
23.Nb3 Rc8 24.Rc1 Qd6 25.Rfd1 Qa3 26.c4 Rec7 27.Qe2 a5 28.h3 Qe7 29.Nd2 Bc5
30.Nb1 Qg5 31.Kf1 Qf4 32.Nc3 Qh2 33.Qf3 Ba3 34.Rb1 Rxc4 35.Ne2 Qh1+ 36.Ng1 Rc3
37.Qe2 Bb4 38.Rd2 Ra3 39.Rc2 Rxc2 40.Qxc2 Rxa2 41.Qc7 Qh2 42.Bc4 Rc2 43.Qb8+ Kg7
44.Bxe6 Bc5 45.Rb2 Rc1+ 46.Ke2 Qf4 47.Nf3 Qxe4+ 48.Kd2 Rf1  0-1

[Event "VIII American Continental 2013"]
[Site "Cochabamba BOL"]
[Date "2013.05.15"]
[Round "11.31"]
[White "Herrera,F"]
[Black "Borda,Cesar"]
[Result "1-0"]
[WhiteElo "2086"]
[BlackElo "1838"]

1.c4 Nf6 2.Nc3 d5 3.d4 g6 4.cxd5 Nxd5 5.e4 Nxc3 6.bxc3 Bg7 7.Nf3 c5 8.Bc4 Nc6
9.e5 Bg4 10.Bxf7+ Kf8 11.h3 Bf5 12.Bb3 h6 13.O-O Qc8 14.Nh4 e6 15.Ba3 Kg8
16.g4 Be4 17.f3 g5 18.Nf5 Bd5 19.Nd6 Bxb3 20.Qxb3 Qd7 21.Bxc5 b6 22.Ba3 h5
23.Ne4 hxg4 24.hxg4 Re8 25.Kg2  1-0

[Event "VIII American Continental 2013"]
[Site "Cochabamba BOL"]
[Date "2013.05.15"]
[Round "11.41"]
[White "Medrano,Sebastian"]
[Black "Caba,Edgar"]
[Result "0-1"]
[WhiteElo "1803"]
[BlackElo "1861"]

1.d4 Nf6 2.c4 g6 3.Nc3 d5 4.cxd5 Nxd5 5.e4 Nxc3 6.bxc3 Bg7 7.Bc4 c5 8.Ne2 O-O
9.O-O Nc6 10.Be3 Bg4 11.f3 Na5 12.Bxf7+ Rxf7 13.fxg4 Rxf1+ 14.Qxf1 Qd7 15.h3 Nc4
16.Qf2 Qa4 17.Bg5 Qc2 18.Bxe7 Qxe4 19.Bxc5 b6 20.Ng3 Qb7 21.Qe2 Qd5 22.Bb4 a5
23.Be7 Re8 24.Re1 Nd6 25.Qf2 Nb5 26.Kh1 Nxc3 27.Ba3 Ne4 28.Nxe4 Rxe4 29.Rxe4 Qxe4
30.d5 b5 31.d6 b4 32.d7 Qd5 33.Qa7 Qd1+ 34.Kh2 Be5+ 35.g3 Qd2+ 36.Kh1 Qd5+
37.Kh2 Qd2+ 38.Kh1 Qe1+ 39.Kg2 Qxg3+ 40.Kf1 Qf3+ 41.Ke1 Bc3+  0-1

[Event "14th Euro Indiv 2013"]
[Site "Legnica POL"]
[Date "2013.05.15"]
[Round "10.120"]
[White "Posedaru,B"]
[Black "Iwanow,A"]
[Result "0-1"]
[WhiteElo "2339"]
[BlackElo "2195"]

1.d4 Nf6 2.c4 g6 3.Nc3 d5 4.cxd5 Nxd5 5.e4 Nxc3 6.bxc3 Bg7 7.Bb5+ c6 8.Ba4 O-O
9.Ne2 c5 10.O-O Nc6 11.d5 Na5 12.Bg5 Nc4 13.Rb1 Qd6 14.Qb3 Nb6 15.Bf4 e5
16.Be3 c4 17.Qb4 Qxb4 18.Rxb4 Nxa4 19.Rxa4 Bd7 20.Rb4 b5 21.Rbb1 Rfc8 22.a4 bxa4
23.Rb7 Be8 24.Bxa7 Bf8 25.Ra1 a3 26.Kf1 Rd8 27.Be3 Ba4 28.Bg5 Rdb8 29.Rxb8 Rxb8
30.f4 h6 31.Bf6 exf4 32.e5 Bc5 33.Nc1 Rb2 34.d6 Rf2+ 35.Ke1 Rxg2 36.Ra2 Rg1+
37.Kd2 Be3+  0-1

[Event "14th Euro Indiv 2013"]
[Site "Legnica POL"]
[Date "2013.05.15"]
[Round "10.36"]
[White "Postny,E"]
[Black "Halkias,S"]
[Result "1-0"]
[WhiteElo "2637"]
[BlackElo "2549"]

1.d4 Nf6 2.c4 g6 3.Nc3 d5 4.cxd5 Nxd5 5.e4 Nxc3 6.bxc3 Bg7 7.Bc4 c5 8.Ne2 Nc6
9.Be3 O-O 10.O-O Qc7 11.Rc1 Rd8 12.Qd2 Ne5 13.Bb3 Ng4 14.Bf4 e5 15.Bg3 c4
16.Bc2 Bh6 17.f4 Qa5 18.Rcd1 exd4 19.Nxd4 Ne5 20.Qf2 Nd3 21.Bxd3 cxd3 22.f5 Qxc3
23.Be5 d2 24.fxg6 Qe3 25.gxf7+ Kf8 26.Rxd2 Qxf2+ 27.Rdxf2 Be3 28.Kh1 Bxf2
29.Rxf2 a5 30.Bf6 Bg4 31.h3 Rd7 32.hxg4 Kxf7 33.e5 Kg6 34.e6 Rd5 35.e7 Rd6
36.Be5 Rd5 37.Rf6+ Kg5 38.Rf8 Rxe5 39.Nf3+ Kh6  1-0

[Event "Open Hradec Kralove 2013"]
[Site "Hradec Kralove CZE"]
[Date "2013.05.17"]
[Round "4"]
[White "Plischki,S"]
[Black "Rojikova,Lenka"]
[Result "1-0"]
[WhiteElo "2389"]
[BlackElo "1852"]

1.d4 Nf6 2.c4 g6 3.Nc3 d5 4.cxd5 Nxd5 5.e4 Nxc3 6.bxc3 Bg7 7.Nf3 c5 8.Be3 Qa5
9.Nd2 O-O 10.Rc1 cxd4 11.cxd4 Nc6 12.d5 Ne5 13.Be2 b5 14.O-O Ba6 15.Nb3 Qd8
16.Nc5 Qd6 17.Qd2 Nc4 18.Bxc4 bxc4 19.Qa5 Bc8 20.Rxc4 Qb6 21.Qd2  1-0

[Event "Open Hradec Kralove 2013"]
[Site "Hradec Kralove CZE"]
[Date "2013.05.18"]
[Round "5"]
[White "Veselsky,Jan"]
[Black "Smolik,Boris"]
[Result "0-1"]
[WhiteElo "1694"]
[BlackElo "1978"]

1.d4 Nf6 2.c4 g6 3.Nc3 d5 4.cxd5 Nxd5 5.e4 Nxc3 6.bxc3 Bg7 7.Bc4 c5 8.Ne2 O-O
9.O-O Nc6 10.Be3 Na5 11.Bd3 c4 12.Bc2 b5 13.Qd2 Nc6 14.Bh6 a5 15.Bxg7 Kxg7
16.d5 e5 17.Rfd1 Na7 18.a4 Qd6 19.axb5 Nxb5 20.Rdb1 Na3 21.Rb2 Nxc2 22.Qxc2 f5
23.Rba2 Qc5 24.Rd1 fxe4 25.Qxe4 Qxf2+ 26.Kh1 Qf5 27.Qxc4 Ba6 28.Qc5 Qf2 29.Qe7+ Kh6
30.h3 Rae8 31.Qa3 Bxe2 32.Qc1+ Kg7 33.Re1 Qxe1+ 34.Qxe1 Rf1+ 35.Qxf1 Bxf1
36.Rxa5 e4 37.Kg1 Bd3 38.d6 Rd8 39.Rd5 Kf6 40.Kf2 Ke6 41.Rc5 Rxd6 42.Rc7 Rd7
43.Rc6+ Kd5 44.Rc8 Re7 45.Ke3 Kd6 46.c4 Rc7 47.Rd8+ Ke7 48.Rb8 Kf6 49.Rf8+ Kg7
50.Re8 h5 51.g3 Rxc4 52.Re6 Rc7 53.h4 Rf7  0-1

[Event "Open Hradec Kralove 2013"]
[Site "Hradec Kralove CZE"]
[Date "2013.05.18"]
[Round "5"]
[White "Prachar,J"]
[Black "Nemec,O"]
[Result "1-0"]
[WhiteElo "1927"]
[BlackElo "1866"]

1.d4 Nf6 2.c4 g6 3.Nc3 d5 4.cxd5 Nxd5 5.e4 Nxc3 6.bxc3 Bg7 7.Nf3 c5 8.Rb1 O-O
9.Be2 cxd4 10.cxd4 Qa5+ 11.Bd2 Qxa2 12.O-O Bg4 13.d5 b6 14.Bb4 Bf6 15.h3 Bxf3
16.Bxf3 Na6 17.e5 Bg5 18.d6 Rad8 19.Bd5 Nxb4 20.Bxa2 Nxa2 21.Qb3  1-0

[Event "Asian Continental w 2013"]
[Site "Manila PHI"]
[Date "2013.05.18"]
[Round "1.8"]
[White "Nakhbayeva,G"]
[Black "Frayna,Janelle Mae"]
[Result "1-0"]
[WhiteElo "2379"]
[BlackElo "2050"]

1.d4 Nf6 2.c4 g6 3.Nc3 d5 4.cxd5 Nxd5 5.e4 Nxc3 6.bxc3 Bg7 7.Nf3 c5 8.Rb1 O-O
9.Be2 Nc6 10.d5 Ne5 11.Nxe5 Bxe5 12.Qd2 Qa5 13.Rb3 Bg7 14.O-O f5 15.exf5 Bxf5
16.Rxb7 Bxc3 17.Qe3 Bf6 18.Bc4 Qa4 19.Qe2 Kh8 20.Bb2 Bxb2 21.Qxb2+ Rf6 22.Qe5 Rf8
23.d6 e6 24.Rb8 Rxb8 25.Qxf6+ Kg8 26.Bxe6+ Bxe6 27.Qxe6+ Kg7 28.Qe5+ Kh6
29.d7 Rd8 30.Qe3+ Kh5 31.h3 g5 32.g4+  1-0

[Event "Open Hradec Kralove 2013"]
[Site "Hradec Kralove CZE"]
[Date "2013.05.19"]
[Round "6"]
[White "Bagazinski,Zbyszek"]
[Black "Pulpan,Matej"]
[Result "0-1"]
[WhiteElo "1563"]
[BlackElo "1798"]

1.d4 Nf6 2.c4 g6 3.Nc3 d5 4.cxd5 Nxd5 5.e4 Nxc3 6.bxc3 Bg7 7.Be3 c5 8.Rc1 Nc6
9.Bc4 cxd4 10.cxd4 Bxd4 11.Qb3 O-O 12.Rd1 Qa5+ 13.Bd2 Qc5 14.Be3 Bxe3 15.fxe3 Na5
16.Bxf7+ Rxf7 17.Rd8+ Kg7 18.Qb2+ e5 19.Qd2 Nc4 20.Qc3 Qxe3+ 21.Qxe3 Nxe3
22.Ke2 Bg4+  0-1

[Event "BSG Pinkstertoernooi 2013"]
[Site "Bussum NED"]
[Date "2013.05.20"]
[Round "7.5"]
[White "Lombaers,P"]
[Black "Roorda,T"]
[Result "1-0"]
[WhiteElo "2228"]
[BlackElo "2079"]

1.c4 Nf6 2.d4 g6 3.Nc3 d5 4.cxd5 Nxd5 5.e4 Nxc3 6.bxc3 Bg7 7.Nf3 c5 8.Rb1 Nc6
9.d5 Ne5 10.Nxe5 Bxe5 11.Qd2 O-O 12.f4 Bc7 13.Be2 Ba5 14.O-O e6 15.f5 exf5
16.exf5 Bxf5 17.Rxb7 Qf6 18.Bb2 Rfb8 19.Rxb8+ Rxb8 20.Ba1 Bc7 21.g4 Qh4 22.d6 Rd8
23.dxc7 Rxd2 24.gxf5 Rxe2 25.c8=Q+ Kg7 26.f6+ Kh6 27.Qf8+ Kh5 28.Qxc5+ g5
29.Qc7 Qg4+ 30.Qg3 Qxg3+ 31.hxg3 Rxa2 32.Rc1 Kg4 33.c4 Ra6 34.c5 Rc6 35.Kg2 Kf5
36.Kf3 h5 37.Bd4 a5 38.Rh1 g4+ 39.Ke3 Kg5 40.Ke4 Rc8 41.Rc1 Re8+ 42.Be5 h4
43.gxh4+ Kxh4 44.c6 g3 45.c7 g2 46.Rg1 Kh3 47.Kf3 a4 48.Rxg2 a3 49.Rh2+  1-0

[Event "BSG Pinkstertoernooi 2013"]
[Site "Bussum NED"]
[Date "2013.05.20"]
[Round "7.6"]
[White "Galje,H"]
[Black "Vermeulen,We"]
[Result "1-0"]
[WhiteElo "2094"]
[BlackElo "2184"]

1.d4 Nf6 2.c4 g6 3.Nc3 d5 4.cxd5 Nxd5 5.e4 Nxc3 6.bxc3 Bg7 7.Qa4+ Nd7 8.Nf3 O-O
9.Bg5 c5 10.Rc1 cxd4 11.cxd4 Nf6 12.Bd3 Bg4 13.Ne5 Be6 14.O-O Nxe4 15.Bxe4 f6
16.Bxb7 Rb8 17.Qa6 Qb6 18.Qxb6 axb6 19.Rc7 fxe5 20.Bxe7 exd4 21.Bxf8 Bxf8
22.Be4 Bxa2 23.Ra1 Be6 24.Raa7 Rd8 25.Bd3 b5 26.Rxh7 Bc4 27.Bxg6 Rd6 28.Bf5 d3
29.Rhd7 d2 30.Rxd6 Bxd6 31.Bg4 Bb3 32.Rd7 Bb4 33.h4 Bc3 34.f4 b4 35.Kf2 Bc2
36.Ke3 b3 37.Rxd2 b2 38.Be6+ Kf8 39.Ba2 Bxd2+ 40.Kxd2 Be4 41.g4 Bf3 42.g5 Be4
43.Kc3 b1=Q 44.Bxb1 Bxb1 45.Kd4 Bf5 46.Ke5 Bg4 47.Kf6 Bh5 48.g6 Bd1 49.f5 Kg8
50.Kg5 Be2 51.h5 Bd3 52.h6 Bb1 53.h7+ Kg7 54.f6+ Kh8 55.f7  1-0

[Event "2nd Oscar Panno GM"]
[Site "Moron ARG"]
[Date "2013.05.20"]
[Round "7"]
[White "Barrionuevo,P"]
[Black "Barbosa,Ev"]
[Result "1/2-1/2"]
[WhiteElo "2292"]
[BlackElo "2441"]

1.d4 Nf6 2.c4 g6 3.Nc3 d5 4.cxd5 Nxd5 5.e4 Nxc3 6.bxc3 Bg7 7.Be3 c5 8.Rc1 Qa5
9.Qd2 O-O 10.Nf3 Nd7 11.Bd3 e5 12.d5 b5 13.h4 c4 14.Bb1 h5 15.Ng5 Qa3 16.O-O a5
17.f3 Ba6 18.Rf2 b4 19.g4 Nf6 20.Rg2 Rab8 21.Qd1 bxc3 22.Rgc2 hxg4 23.Rxc3 Qd6
24.fxg4 Qd7 25.h5 Nxg4 26.hxg6 fxg6 27.Bc5 Rb2 28.Ne6 Rf4 29.Rg3 Nf2 30.Qe1 Nd3
31.Bxd3 cxd3 32.Qc3 d2 33.Qxb2 dxc1=Q+ 34.Qxc1 Rf6 35.Qb2 Qa4 36.Rb3 Qxe4
37.Rb8+ Bf8 38.Rxf8+ Rxf8 39.Bxf8 Qxd5 40.Nf4 Qe4 41.Bh6 Qe1+ 42.Kh2 Qh4+
43.Nh3 Qxh6 44.Qb8+ Qf8 45.Qb6 Bc4 46.Qxg6+ Qg7 47.Qe8+ Kh7 48.Qh5+ Kg8 49.Qe8+ Kh7
50.Qc8 Bd5 51.Qf5+ Kh6 52.Qf2 Kh7 53.Qd2 Bb7 54.Ng5+ Kg6 55.Nh3 Kf6 56.Qf2+ Ke6
57.Qb6+ Kf5 58.Qf2+ Kg6 59.Qg3+ Kf6 60.Qf2+ Ke7 61.Qc5+ Kd7 62.Qf2 Kc7 63.Qd2 Kb6
64.Ng5 Qf6 65.Qe3+ Ka6 66.a4 Qf4+ 67.Qxf4 exf4 68.Ne6 Bc6 69.Nxf4 Bxa4 70.Kg3 Bb3
71.Nd3 Kb5 72.Kf2 Kc4 73.Ke3 Kc3 74.Nc5 Bc2 75.Ke2 Bb3 76.Ke1 Kc4 77.Kd2 Kxc5
78.Kc3 a4 79.Kb2 a3+ 80.Kxa3  1/2-1/2

[Event "ch-CZE 2013"]
[Site "Ledec nad Sazavou CZE"]
[Date "2013.05.22"]
[Round "2.5"]
[White "Bernasek,J"]
[Black "Plat,V"]
[Result "1/2-1/2"]
[WhiteElo "2537"]
[BlackElo "2455"]

1.d4 Nf6 2.c4 g6 3.Nc3 d5 4.cxd5 Nxd5 5.e4 Nxc3 6.bxc3 Bg7 7.Qa4+ Nd7 8.Nf3 c5
9.Bg5 O-O 10.Rc1 h6 11.Be3 Qc7 12.Bd3 Nf6 13.O-O Bd7 14.Qa3 Rfd8 15.h3 e6
16.Ne5 Bf8 17.Qb2 Bc6 18.Qb1 Rac8 19.Rfe1 Qb6 20.Nxc6 Rxc6 21.Qxb6 axb6 22.Bb5 Rcc8
23.f3 Ne8 24.Bxe8 Rxe8 25.Rb1 cxd4 26.cxd4 Rc2 27.Rxb6 Rxa2 28.Rxb7 Rc8 29.Rf1 Rc3
30.Bf2 Rcc2 31.Rbb1 Bd6  1/2-1/2

[Event "Asian Continental 2013"]
[Site "Manila PHI"]
[Date "2013.05.23"]
[Round "6.3"]
[White "Sadorra,J"]
[Black "Gomez,Joh"]
[Result "1/2-1/2"]
[WhiteElo "2561"]
[BlackElo "2511"]

1.d4 Nf6 2.c4 g6 3.Nc3 d5 4.cxd5 Nxd5 5.e4 Nxc3 6.bxc3 Bg7 7.Be3 c5 8.Qd2 cxd4
9.cxd4 Nc6 10.Rd1 O-O 11.Nf3 Bg4 12.Be2 Rc8 13.O-O Qa5 14.h3 Bxf3 15.Bxf3 Qxd2
16.Rxd2 Na5 17.e5 Nc4 18.Rd3 Nxe3 19.fxe3 Rc7 20.Rb3 b6 21.Be4 Rfc8 22.Kf2 f6
23.exf6 Bxf6 24.Ke2 Kg7 25.Rd1 Rc3 26.Rxc3 Rxc3 27.Rd3 Rc2+ 28.Rd2 Rc3 29.Rd3  1/2-1/2

[Event "22nd TCh-CRO Cup 2013"]
[Site "Bol na Bracu CRO"]
[Date "2013.05.24"]
[Round "4.103"]
[White "Milosavljevic,J"]
[Black "Jankovic,Mir"]
[Result "0-1"]
[WhiteElo "2078"]
[BlackElo "2075"]

1.d4 Nf6 2.c4 g6 3.Nc3 d5 4.cxd5 Nxd5 5.e4 Nxc3 6.bxc3 Bg7 7.Bc4 O-O 8.Ne2 c5
9.Be3 Nc6 10.O-O Bg4 11.f3 cxd4 12.cxd4 Na5 13.Bd3 Be6 14.Qa4 a6 15.Rac1 b5
16.Qb4 Bxa2 17.Rfd1 Bc4 18.f4 Bxd3 19.Rxd3 Nc4 20.Bf2 Qd7 21.Rg3 Bf6 22.Rf3 e6
23.g4 Rfc8 24.g5 a5 25.Qe1 Be7 26.Be3 Qb7 27.Ng3 b4 28.Rf1 b3 29.f5 b2 30.Rd1 a4
31.fxe6 fxe6 32.d5 Nxe3 33.Qxe3 Bc5  0-1

[Event "ch-CZE 2013"]
[Site "Ledec nad Sazavou CZE"]
[Date "2013.05.24"]
[Round "4.2"]
[White "Zilka,S"]
[Black "Rausis,I"]
[Result "1/2-1/2"]
[WhiteElo "2525"]
[BlackElo "2518"]

1.d4 Nf6 2.c4 g6 3.Nc3 d5 4.cxd5 Nxd5 5.e4 Nxc3 6.bxc3 Bg7 7.Nf3 c5 8.Be3 Qa5
9.Nd2 O-O 10.Bc4 Qxc3 11.Rc1 Qa3 12.dxc5 Bg4 13.Qc2 Nc6 14.h3 Be6 15.O-O Bxc4
16.Qxc4 Rfd8 17.Nf3 Rd7 18.Rfd1 Rad8 19.Rxd7 Rxd7 20.Rb1 e6 21.Qb3 Qxb3 22.axb3 Nb4
23.Kf1 f5 24.Ng5 Bf6 25.Nxe6 fxe4  1/2-1/2

[Event "Chicago Open 2013"]
[Site "Wheeling USA"]
[Date "2013.05.24"]
[Round "2.25"]
[White "Tang,Andrew"]
[Black "Troff,Kayden W"]
[Result "0-1"]
[WhiteElo "2153"]
[BlackElo "2421"]

1.d4 Nf6 2.c4 g6 3.Nc3 d5 4.cxd5 Nxd5 5.e4 Nxc3 6.bxc3 Bg7 7.Be3 c5 8.Rc1 Qa5
9.Qd2 O-O 10.Nf3 Bg4 11.d5 Nd7 12.Be2 c4 13.O-O Bxf3 14.gxf3 b5 15.f4 Rfd8
16.Rfd1 Qa3 17.Bf3 Nc5 18.Bxc5 Qxc5 19.e5 Rac8 20.Qe2 Qa3 21.Rc2 a5 22.Kg2 Kh8
23.h4 Rf8 24.Rh1 Bh6 25.Qe4 f6 26.h5 g5 27.Bg4 Rcd8 28.fxg5 Bxg5 29.e6 Rg8
30.Kf3 Bh6 31.Ke2 Qd6 32.Bf3 Rg5 33.Qd4 Rf5 34.Be4 Re5 35.Kf1 Rg8 36.Bf3 Rf5
37.Be4 Rg4 38.Re2 Rff4 39.Rh3 Qa3 40.Re1 Qd6 41.f3 Rh4 42.Rxh4 Rxh4 43.Qg1 Rxh5
44.Rd1 Rh2 45.a3 Bg5 46.Bb1 Be3  0-1

[Event "Chess Ladies Vienna"]
[Site "Vienna AUT"]
[Date "2013.05.25"]
[Round "8.5"]
[White "Kopinits,A"]
[Black "Newrkla,K"]
[Result "1/2-1/2"]
[WhiteElo "2254"]
[BlackElo "2133"]

1.d4 Nf6 2.c4 g6 3.Nc3 d5 4.cxd5 Nxd5 5.e4 Nxc3 6.bxc3 Bg7 7.Nf3 c5 8.Be3 Qa5
9.Qd2 Nc6 10.Rb1 cxd4 11.cxd4 Qxd2+ 12.Kxd2 O-O 13.Bd3 Rd8 14.d5 Na5 15.Bg5 f6
16.Bf4 b6 17.Ke2 e5 18.Bd2 Nb7 19.Be3 Bf8 20.Rhc1 Nc5 21.Ne1 Bd7 22.Rc3 Rac8  1/2-1/2

[Event "e2e4 Sunningdale Open"]
[Site "Ascot ENG"]
[Date "2013.05.26"]
[Round "4"]
[White "Bridge,Neil A"]
[Black "Bucher,G"]
[Result "1-0"]
[WhiteElo "2075"]
[BlackElo "2039"]

1.d4 Nf6 2.c4 g6 3.Nc3 d5 4.cxd5 Nxd5 5.e4 Nxc3 6.bxc3 Bg7 7.Nf3 c5 8.Rb1 O-O
9.Be2 Qa5 10.O-O Qxc3 11.Bd2 Qa3 12.Qc2 Bd7 13.Rxb7 cxd4 14.Bb4 Qa4 15.Qxa4 Bxa4
16.Bxe7 Re8 17.Bc4 Nd7 18.Bd6 Bc6 19.Rc7 Rec8 20.Rxc8+ Rxc8 21.Ng5 h6 22.Bxf7+ Kh8
23.Ne6 Bxe4 24.Nxg7 Kxg7 25.Bb3 Bc2 26.Rc1 d3 27.Bf4 g5 28.Be3 a5 29.Kf1 Nf6
30.Ke1 a4 31.Bxa4 Nd5 32.Bd4+ Kg6 33.Kd2 Nb4 34.Bxc2  1-0

[Event "Chicago Open 2013"]
[Site "Wheeling USA"]
[Date "2013.05.26"]
[Round "6.17"]
[White "Shmeliov,D"]
[Black "Schmakel,Sam A"]
[Result "1-0"]
[WhiteElo "2431"]
[BlackElo "2192"]

1.d4 Nf6 2.c4 g6 3.Nc3 d5 4.cxd5 Nxd5 5.e4 Nxc3 6.bxc3 Bg7 7.Be3 c5 8.Qd2 Qa5
9.Rb1 cxd4 10.cxd4 Qxd2+ 11.Kxd2 O-O 12.Nf3 Rd8 13.Bd3 b6 14.Rhc1 Ba6 15.Bxa6 Nxa6
16.Ke2 Rdc8 17.d5 Kf8 18.g4 Ke8 19.h4 f6 20.Nd4 e5 21.Nc6 Kd7 22.f4 exf4
23.Bxf4 Bf8 24.g5 Nc5 25.Rxc5 Bxc5 26.gxf6 Re8 27.e5 Rac8 28.f7 Re6 29.dxe6+ Kxe6
30.Nb4 Kxf7 31.Rc1 Ra8 32.Nd3 Be7 33.Rc7 Ke6 34.Bg5  1-0

[Event "2nd Salento Open"]
[Site "Gallipoli ITA"]
[Date "2013.05.27"]
[Round "3.11"]
[White "Vargas,Ga"]
[Black "Balducci,A"]
[Result "1-0"]
[WhiteElo "2057"]
[BlackElo "1848"]

1.d4 Nf6 2.c4 g6 3.Nc3 d5 4.cxd5 Nxd5 5.e4 Nxc3 6.bxc3 Bg7 7.Bc4 O-O 8.Ne2 c5
9.Be3 cxd4 10.cxd4 Nc6 11.O-O Na5 12.Bd3 Bg4 13.f3 Be6 14.d5 Bxa1 15.Qxa1 f6
16.Qd4 Bd7 17.e5 e6 18.exf6 Qxf6 19.Qg4 Rf7 20.Bg5 Qe5 21.dxe6 Bxe6 22.Qg3 Nc6
23.Bf4 Qc5+ 24.Kh1 Bf5 25.Rc1 Qe7 26.Bd6 Qd7 27.Bc4 Be6 28.Bb5 Rd8 29.Bb4 a6
30.Bxc6 bxc6 31.h4 Bd5 32.Bc3 Re8 33.Ng1 Bxa2 34.Qf2 Bc4 35.Ba1 Qe6 36.Qd4 Kf8
37.Rxc4 Qe1 38.Bc3 Qb1 39.Rxc6 Rb8 40.Re6 Qb5 41.Qh8+  1-0

[Event "70th ch-GEO w 2013"]
[Site "Tbilisi GEO"]
[Date "2013.05.27"]
[Round "1.2"]
[White "Khukhashvili,S"]
[Black "Lomineishvili,M"]
[Result "1/2-1/2"]
[WhiteElo "2383"]
[BlackElo "2345"]

1.d4 Nf6 2.c4 g6 3.Nc3 d5 4.cxd5 Nxd5 5.e4 Nxc3 6.bxc3 Bg7 7.Nf3 c5 8.Be3 Qa5
9.Qd2 cxd4 10.cxd4 Qxd2+ 11.Kxd2 Nc6 12.Rc1 O-O 13.d5 Rd8 14.Kc2 Ne5 15.Nxe5 Bxe5
16.f4 Bd6 17.Bc4 Bd7 18.Kb3 Rac8  1/2-1/2